[Event "North American Open"]
[Site "Las Vegas"]
[Date "2012.12.26"]
[Round "2.19"]
[White "Brown, Michael"]
[Black "Mitkov, Nikola"]
[Result "0-1"]
[WhiteElo "2246"]
[BlackElo "2513"]
[PlyCount "92"]
[EventDate "2012.12.??"]
[EventType "swiss"]
[EventRounds "9"]
[EventCountry "USA"]
[Source "MonRoi"]

1. d4 d5 2. c4 e6 3. Nc3 Bb4 4. cxd5 exd5 5. Nf3 Nf6 6. Bg5 h6 7. Bxf6 Qxf6 8.
Qb3 c5 9. e3 O-O 10. a3 Bxc3+ 11. Qxc3 b6 12. dxc5 Qxc3+ 13. bxc3 bxc5 14. c4
Be6 15. Rc1 Rc8 16. cxd5 Bxd5 17. Bb5 a6 18. Ba4 Ra7 19. O-O Nd7 20. Bxd7 Rxd7
21. Rc3 Rb7 22. Rfc1 Rb3 23. Rxb3 Bxb3 24. Nd4 Ba4 25. f3 Kf8 26. Kf2 g6 27.
Rc4 Bb5 28. Rc3 Ke7 29. Nb3 Kd6 30. e4 c4 31. Nd2 Kc5 32. Ke3 a5 33. Nb3+ Kb6
34. Nd4 Ba6 35. f4 Kc5 36. e5 Rb8 37. e6 Re8 38. Ke4 Bb7+ 39. Ke5 f6+ 40. Kxf6
Kxd4 41. Rc1 Rf8+ 42. Ke7 Rxf4 43. Kd7 Kc5 44. e7 Bc6+ 45. Kd8 Rd4+ 46. Kc8 Re4
0-1

[Event "North American Open"]
[Site "Las Vegas"]
[Date "2012.12.26"]
[Round "2.25"]
[White "Lucky, David"]
[Black "Brownscombe, Tom"]
[Result "1/2-1/2"]
[WhiteElo "2282"]
[BlackElo "2154"]
[PlyCount "78"]
[EventDate "2012.12.??"]
[EventType "swiss"]
[EventRounds "9"]
[EventCountry "USA"]
[Source "MonRoi"]

1. d4 Nf6 2. c4 g6 3. Nc3 Bg7 4. Nf3 O-O 5. Bg5 d6 6. e3 Nbd7 7. Be2 h6 8. Bh4
g5 9. Bg3 Nh5 10. Qc2 Ndf6 11. O-O Nxg3 12. hxg3 Bd7 13. Rfd1 Qc8 14. e4 c5 15.
e5 Ng4 16. exd6 exd6 17. Ne4 Bf5 18. Bd3 Bxe4 19. Bxe4 Nf6 20. Bf5 Qc7 21. Re1
Rfe8 22. Rad1 Rad8 23. Qd2 b6 24. Bc2 cxd4 25. Qd3 d5 26. Rxe8+ Nxe8 27. Nxd4
dxc4 28. Qh7+ Kf8 29. Nf5 Rxd1+ 30. Bxd1 Qe5 31. Ba4 Nd6 32. Nxh6 Qxb2 33. Qg8+
Ke7 34. Nxf7 Nxf7 35. Qe8+ Kf6 36. Qc6+ Ke7 37. Qe8+ Kf6 38. Qc6+ Ke7 39. Qd7+
Kf6 1/2-1/2

[Event "North American Open"]
[Site "Las Vegas"]
[Date "2012.12.26"]
[Round "2.26"]
[White "Wheeler, Cameron"]
[Black "Ardaman, Miles"]
[Result "1-0"]
[WhiteElo "2165"]
[BlackElo "2282"]
[PlyCount "61"]
[EventDate "2012.12.??"]
[EventType "swiss"]
[EventRounds "9"]
[EventCountry "USA"]
[Source "MonRoi"]

1. c4 e5 2. g3 Nc6 3. Bg2 h5 4. h4 Bc5 5. Nc3 d6 6. d3 a6 7. a3 Nge7 8. Bg5 Rb8
9. Rc1 f6 10. Bd2 Bg4 11. b4 Ba7 12. Qa4 Ra8 13. Nd5 Bd7 14. e3 Kf7 15. Qc2 Qc8
16. Ne2 Nf5 17. b5 Nd8 18. bxa6 Bc5 19. axb7 Nxb7 20. Bb4 Ra7 21. O-O g5 22.
Bxc5 Nxc5 23. hxg5 h4 24. Nxf6 Ba4 25. Qc3 Rb7 26. Bxb7 Qxb7 27. e4 hxg3 28.
fxg3 Qa7 29. Rf2 Nb3 30. Rcf1 Qe3 31. Nd5 1-0

[Event "North American Open"]
[Site "Las Vegas"]
[Date "2012.12.26"]
[Round "2.29"]
[White "Black, James"]
[Black "Zenyuk, Iryna"]
[Result "1/2-1/2"]
[WhiteElo "2163"]
[BlackElo "2250"]
[PlyCount "64"]
[EventDate "2012.12.??"]
[EventType "swiss"]
[EventRounds "9"]
[EventCountry "USA"]
[Source "MonRoi"]

1. d4 Nf6 2. c4 g6 3. Nc3 Bg7 4. e4 d6 5. Nge2 O-O 6. f3 c5 7. d5 e6 8. Ng3
exd5 9. cxd5 a6 10. a4 Nbd7 11. Be2 h5 12. Bg5 Qb6 13. Qd2 Nh7 14. Bh4 c4 15.
Bxc4 Nc5 16. Nge2 f5 17. Bf2 Qb4 18. Ba2 fxe4 19. Bxc5 Qxc5 20. Nxe4 Qb6 21. a5
Qxb2 22. Qxb2 Bxb2 23. Rb1 Be5 24. Rb6 Bf5 25. Nxd6 Bxd6 26. Rxd6 Rac8 27. Bb3
Rc5 28. Kd2 Rxa5 29. Nd4 Rf6 30. Rd8+ Rf8 31. Rd6 Rf6 32. Rd8+ Rf8 1/2-1/2

[Event "North American Open"]
[Site "Las Vegas"]
[Date "2012.12.27"]
[Round "3.1"]
[White "Gelashvili, Tamaz"]
[Black "Li, Chao"]
[Result "0-1"]
[WhiteElo "2566"]
[BlackElo "2670"]
[PlyCount "72"]
[EventDate "2012.12.??"]
[EventType "swiss"]
[EventRounds "9"]
[EventCountry "USA"]
[Source "MonRoi"]

1. d4 Nf6 2. Nf3 g6 3. g3 Bg7 4. Bg2 d5 5. O-O O-O 6. c3 a5 7. a4 c6 8. Nbd2
Bf5 9. h3 Ne4 10. Nh4 Nxd2 11. Bxd2 Be6 12. Nf3 h6 13. Ne5 Nd7 14. Nd3 Bf5 15.
Re1 Be4 16. Qb3 b6 17. Rad1 e6 18. Bf4 Qe7 19. Ne5 Bxe5 20. Bxe5 Bxg2 21. Kxg2
Nxe5 22. dxe5 Qc5 23. e4 Rfb8 24. exd5 cxd5 25. Rd4 b5 26. Qc2 Kg7 27. Qd2 bxa4
28. Rxa4 Rb3 29. Rea1 Qc7 30. Qf4 Rxb2 31. Qf6+ Kg8 32. Rh4 Qd8 33. Rxa5 Rxf2+
34. Kxf2 Qxa5 35. Rxh6 Qc5+ 36. Ke1 Qe3+ 0-1

[Event "North American Open"]
[Site "Las Vegas"]
[Date "2012.12.27"]
[Round "3.2"]
[White "Gareev, Timur"]
[Black "Gurevich, Dmitry"]
[Result "1/2-1/2"]
[WhiteElo "2660"]
[BlackElo "2485"]
[PlyCount "95"]
[EventDate "2012.12.??"]
[EventType "swiss"]
[EventRounds "9"]
[EventCountry "USA"]
[Source "MonRoi"]

1. d4 d5 2. c4 e6 3. Nc3 Be7 4. Bf4 Nf6 5. e3 O-O 6. Rc1 b6 7. cxd5 Nxd5 8.
Nge2 Nxf4 9. Nxf4 Bb7 10. Bc4 Bd6 11. Qg4 Qf6 12. Nd3 Qg6 13. Qxg6 hxg6 14. f3
a6 15. Ke2 Rd8 16. Ne4 Nd7 17. h4 Be7 18. Nf4 c5 19. d5 exd5 20. Bxd5 Bxd5 21.
Nxd5 Bf8 22. Rhd1 b5 23. b3 Rac8 24. Rd2 c4 25. bxc4 bxc4 26. Rd4 Ne5 27. Nb6
Rxd4 28. exd4 Rc6 29. Rb1 c3 30. Nxc3 Nxf3 31. gxf3 Rxc3 32. Nd5 Rc2+ 33. Kd3
Rxa2 34. Rb8 f6 35. Nf4 Ra3+ 36. Kc4 Kf7 37. Rb7+ Kg8 38. Nxg6 Bd6 39. f4 Kh7
40. Kd5 Kxg6 41. Kxd6 Rf3 42. d5 Rxf4 43. h5+ Kxh5 44. Rxg7 Re4 45. Kc5 Re1 46.
Kd4 Rd1+ 47. Ke4 Re1+ 48. Kf4 1/2-1/2

[Event "North American Open"]
[Site "Las Vegas"]
[Date "2012.12.27"]
[Round "3.4"]
[White "Hammer, Jon Ludvig"]
[Black "Yankovsky, Roman"]
[Result "1-0"]
[WhiteElo "2633"]
[BlackElo "2474"]
[PlyCount "37"]
[EventDate "2012.12.??"]
[EventType "swiss"]
[EventRounds "9"]
[EventCountry "USA"]
[Source "MonRoi"]

1. d4 Nf6 2. c4 g6 3. f3 e5 4. dxe5 Nh5 5. Nh3 Nc6 6. Bg5 Be7 7. Bxe7 Qxe7 8.
g4 Ng7 9. f4 d6 10. exd6 Qh4+ 11. Nf2 Bxg4 12. dxc7 Be6 13. Qd2 O-O 14. Nc3
Bxc4 15. e4 Bxf1 16. Rxf1 Rac8 17. Nd5 Ne8 18. Qc3 Ne7 19. Qh3 1-0

[Event "North American Open"]
[Site "Las Vegas"]
[Date "2012.12.27"]
[Round "3.5"]
[White "Lenderman, Alex"]
[Black "Matikozian, Andranik"]
[Result "0-1"]
[WhiteElo "2619"]
[BlackElo "2426"]
[PlyCount "88"]
[EventDate "2012.12.??"]
[EventType "swiss"]
[EventRounds "9"]
[EventCountry "USA"]
[Source "MonRoi"]

1. c4 Nf6 2. Nc3 g6 3. e4 d6 4. d4 Bg7 5. Nf3 O-O 6. Be2 e5 7. O-O Na6 8. Be3
Ng4 9. Bg5 Qe8 10. dxe5 dxe5 11. h3 h6 12. Bd2 Nf6 13. Qc1 Kh7 14. Be3 Nd7 15.
c5 c6 16. Bxa6 bxa6 17. Nd2 Qe6 18. Rd1 f5 19. f3 Rg8 20. Qc2 Bf8 21. Nb3 Rb8
22. Rd2 f4 23. Bf2 h5 24. Rad1 g5 25. Rd6 Bxd6 26. Rxd6 Qf7 27. Rxc6 g4 28.
hxg4 hxg4 29. Kf1 gxf3 30. gxf3 Nf6 31. Ke1 Ne8 32. Na5 Qh5 33. Rxc8 Rxc8 34.
Qd3 Rc7 35. Nc4 Rg2 36. Nd2 Rcg7 37. c6 Qg6 38. Qc4 Rxf2 39. Kxf2 Qg1+ 40. Ke2
Rg2+ 41. Kd3 Qe3+ 42. Kc2 Rxd2+ 43. Kb3 Qb6+ 44. Ka4 Rd4 0-1

[Event "North American Open"]
[Site "Las Vegas"]
[Date "2012.12.27"]
[Round "3.6"]
[White "Kacheishvili, Giorgi"]
[Black "Sharma, Arun"]
[Result "1-0"]
[WhiteElo "2602"]
[BlackElo "2391"]
[PlyCount "63"]
[EventDate "2012.12.??"]
[EventType "swiss"]
[EventRounds "9"]
[EventCountry "USA"]
[Source "MonRoi"]

1. c4 g6 2. d4 Nf6 3. Nc3 d5 4. Bg5 Ne4 5. Bh4 Nxc3 6. bxc3 dxc4 7. e3 Be6 8.
Nf3 Nd7 9. a4 a5 10. Ng5 Bd5 11. e4 h6 12. exd5 hxg5 13. Bxg5 Nb6 14. Be2 Qxd5
15. Bf4 Qd7 16. Be5 f6 17. Bg3 Bg7 18. O-O O-O 19. Bf3 Ra7 20. Qe2 e6 21. Rfe1
Re8 22. h4 f5 23. Be5 c6 24. h5 g5 25. g4 Raa8 26. Bxg7 Qxg7 27. gxf5 g4 28.
Bg2 exf5 29. Qxe8+ Rxe8 30. Rxe8+ Kf7 31. Rae1 Qg5 32. h6 1-0

[Event "North American Open"]
[Site "Las Vegas"]
[Date "2012.12.27"]
[Round "3.7"]
[White "Krush, Irina"]
[Black "Shankland, Samuel L"]
[Result "1/2-1/2"]
[WhiteElo "2459"]
[BlackElo "2595"]
[PlyCount "139"]
[EventDate "2012.12.??"]
[EventType "swiss"]
[EventRounds "9"]
[EventCountry "USA"]
[Source "MonRoi"]

1. c4 e5 2. g3 Nc6 3. Bg2 Nf6 4. Nc3 Bc5 5. e3 O-O 6. Nge2 Re8 7. O-O d6 8. h3
a6 9. b3 h6 10. a3 Bf5 11. Bb2 Qd7 12. Kh2 Bd3 13. f4 Rad8 14. Rf2 Ne7 15. Nc1
Bh7 16. Qf1 c6 17. Nd3 Ba7 18. fxe5 Bxd3 19. Qxd3 dxe5 20. Qe2 Qd3 21. Qf3 Rd7
22. Ne4 Qxe4 23. Qxe4 Nxe4 24. Bxe4 f5 25. Bc2 f4 26. gxf4 exf4 27. Rg2 g5 28.
exf4 Bb8 29. Be5 Bxe5 30. fxe5 Red8 31. Rd1 Rd4 32. Re2 Kg7 33. e6 R8d6 34. Rf1
Rxd2 35. Rf7+ Kh8 36. Rxd2 Rxd2+ 37. Kg3 Rxc2 38. Rxe7 Re2 39. Kg4 Kg8 40. Kf5
Kf8 41. Rxb7 Re3 42. Rh7 Rxh3 43. e7+ Ke8 44. Ke6 Re3+ 45. Kd6 Rd3+ 46. Ke6
Re3+ 47. Kd6 Rd3+ 48. Kxc6 Rxb3 49. Rxh6 Kxe7 50. Rg6 Rxa3 51. Rxg5 a5 52. Rg4
Kd8 53. Rg8+ Ke7 54. Ra8 a4 55. c5 Kf7 56. Kc7 Rc3 57. c6 a3 58. Ra6 Ke7 59.
Ra7 Ke6 60. Ra5 Rb3 61. Kc8 Kd6 62. c7 Ke7 63. Ra4 Ke8 64. Re4+ Kf7 65. Kd7
Rd3+ 66. Kc6 Rc3+ 67. Kb7 Rb3+ 68. Kc6 Rc3+ 69. Kd6 Rd3+ 70. Kc6 1/2-1/2

[Event "North American Open"]
[Site "Las Vegas"]
[Date "2012.12.27"]
[Round "3.10"]
[White "Liou, Yian"]
[Black "Ramirez, Alejandro"]
[Result "0-1"]
[WhiteElo "2352"]
[BlackElo "2554"]
[PlyCount "116"]
[EventDate "2012.12.??"]
[EventType "swiss"]
[EventRounds "9"]
[EventCountry "USA"]
[Source "MonRoi"]

1. e4 c5 2. Nf3 e6 3. d4 cxd4 4. Nxd4 a6 5. Bd3 Qb6 6. c3 d6 7. O-O Nf6 8. Be3
Qc7 9. c4 Be7 10. Nc3 b6 11. Rc1 O-O 12. f3 Bb7 13. Qd2 Nbd7 14. Rfd1 Rac8 15.
Bf1 Qb8 16. Nc2 Bd8 17. Kh1 Bc7 18. Bg1 Rfd8 19. Ne3 Ne5 20. Rc2 Kh8 21. Qf2
Rg8 22. Rcd2 g5 23. f4 gxf4 24. Qxf4 Rg6 25. Be2 Rcg8 26. Qh4 Qf8 27. Rf1 Qg7
28. Bd1 Rh6 29. Qf4 Bb8 30. Ncd5 Nfd7 31. Rff2 exd5 32. Nf5 Rf6 33. Nxg7 Rxf4
34. Rxf4 Kxg7 35. exd5 Rc8 36. Be2 Bc7 37. Bg4 Nxg4 38. Rxg4+ Kf8 39. Rh4 Bd8
40. Rxh7 Kg8 41. Rh3 Rxc4 42. Rd1 Rc2 43. Rb3 Kf8 44. h3 Nc5 45. Re3 Bg5 46.
Rg3 Bf4 47. Rg4 Be5 48. Bh2 Bc8 49. Bxe5 Bxg4 50. Bxd6+ Kg8 51. Re1 Be2 52. b4
Nd3 53. Ra1 Nf2+ 54. Kg1 Bc4 55. Bc7 Bxd5 56. Bxb6 Nd3 57. Rd1 Rxg2+ 58. Kf1
Rxa2 0-1

[Event "North American Open"]
[Site "Las Vegas"]
[Date "2012.12.27"]
[Round "3.11"]
[White "Mitkov, Nikola"]
[Black "Adamson, Robby"]
[Result "1-0"]
[WhiteElo "2513"]
[BlackElo "2308"]
[PlyCount "121"]
[EventDate "2012.12.??"]
[EventType "swiss"]
[EventRounds "9"]
[EventCountry "USA"]
[Source "MonRoi"]

1. e4 c6 2. Nc3 d5 3. Nf3 Bg4 4. h3 Bxf3 5. Qxf3 Nf6 6. d3 e6 7. Bd2 Bb4 8. a3
Ba5 9. Qg3 O-O 10. e5 Ne8 11. d4 f6 12. Bd3 fxe5 13. Qxe5 Qe7 14. O-O Bc7 15.
Qg5 Qxg5 16. Bxg5 Nd7 17. Ne2 e5 18. c3 Nef6 19. Rae1 Rfe8 20. Bc2 Bb6 21. dxe5
Rxe5 22. Bf4 Re7 23. Ng3 Rae8 24. Rxe7 Rxe7 25. Bd2 g6 26. Re1 Rxe1+ 27. Bxe1
a5 28. Kf1 Ne5 29. a4 Kf7 30. Ke2 Bc7 31. Nf1 Nc4 32. b3 Nd6 33. f3 Nh5 34. Bd2
Nc8 35. h4 Ng3+ 36. Nxg3 Bxg3 37. h5 Ne7 38. f4 Bh4 39. c4 b6 40. c5 bxc5 41.
Bxa5 Nc8 42. hxg6+ hxg6 43. f5 gxf5 44. Bxf5 Nd6 45. Bd7 Nb7 46. Bd2 Nd6 47.
Bxc6 Ke6 48. a5 Bd8 49. a6 Bb6 50. g4 Ne4 51. Bf4 Ba7 52. Bb7 Nf6 53. Bc8+ Kf7
54. Bf5 Ng8 55. Be3 Kf6 56. Bd7 Ke5 57. Kf3 Nf6 58. Bc8 Ne4 59. g5 Nxg5+ 60.
Bxg5 Kd4 61. Bb7 1-0

[Event "North American Open"]
[Site "Las Vegas"]
[Date "2012.12.27"]
[Round "3.12"]
[White "Vibbert, Sean"]
[Black "Friedel, Joshua"]
[Result "0-1"]
[WhiteElo "2240"]
[BlackElo "2494"]
[PlyCount "120"]
[EventDate "2012.12.??"]
[EventType "swiss"]
[EventRounds "9"]
[EventCountry "USA"]
[Source "MonRoi"]

1. e4 e5 2. Nf3 Nc6 3. Bb5 a6 4. Ba4 Nf6 5. O-O Be7 6. Bxc6 dxc6 7. d3 Nd7 8.
Nbd2 O-O 9. Nc4 Bf6 10. b3 Re8 11. Bb2 b6 12. Re1 c5 13. Qd2 g6 14. a4 Bg7 15.
h3 f6 16. Kh1 Nf8 17. Ng1 Ne6 18. Ne2 Bb7 19. Qe3 Nd4 20. Nxd4 cxd4 21. Qd2 Qd7
22. Bc1 Re6 23. Qe2 Rf8 24. Bd2 Rd8 25. Rf1 Ba8 26. f3 Ree8 27. Qf2 Bb7 28. Qg3
Re6 29. Kg1 Rf8 30. Qh4 Qe8 31. g4 Bc8 32. Qg3 f5 33. Rf2 b5 34. axb5 axb5 35.
Na5 Qe7 36. Raf1 fxe4 37. fxe4 c5 38. Rg2 Rxf1+ 39. Kxf1 Ra6 40. Qe1 Be6 41.
Ke2 Qc7 42. Rf2 Qc8 43. Rg2 c4 44. b4 Bf8 45. Qb1 c3 46. Bg5 h5 47. Rg3 hxg4
48. h4 Qc7 49. Rg2 Qd6 50. Qf1 Bg7 51. Qb1 Ra7 52. Qc1 Rf7 53. Bh6 Qxb4 54.
Bxg7 Kxg7 55. Nc6 Qb2 56. Qd1 b4 57. Nxe5 b3 58. Rg1 g3 59. Rxg3 bxc2 60. Rxg6+
Kh7 0-1

[Event "North American Open"]
[Site "Las Vegas"]
[Date "2012.12.27"]
[Round "3.14"]
[White "Molner, Mackenzie"]
[Black "Amanov, Zhanibek"]
[Result "0-1"]
[WhiteElo "2479"]
[BlackElo "2359"]
[PlyCount "90"]
[EventDate "2012.12.??"]
[EventType "swiss"]
[EventRounds "9"]
[EventCountry "USA"]
[Source "MonRoi"]

1. e4 e5 2. Nf3 Nc6 3. Bc4 Bc5 4. b4 Bb6 5. a4 a6 6. Nc3 Nf6 7. O-O d6 8. Nd5
Bg4 9. c3 Nxd5 10. Bxd5 O-O 11. d3 Qc8 12. h3 Be6 13. Bxc6 bxc6 14. a5 Ba7 15.
Be3 Qb7 16. Bxa7 Qxa7 17. Qa4 Qb7 18. d4 f6 19. Rfc1 Rad8 20. Rab1 Rfe8 21. c4
exd4 22. Nxd4 Bd7 23. Qc2 c5 24. bxc5 Qxe4 25. cxd6 cxd6 26. Qxe4 Rxe4 27. Rd1
Rc8 28. Rb6 Rxc4 29. Rxd6 Bc8 30. Nc6 Kf7 31. Rb1 h5 32. Rb8 Re8 33. Na7 Re1+
34. Kh2 Bf5 35. Nc6 Be4 36. Rb7+ Kg8 37. Re7 h4 38. Re8+ Kh7 39. Rdd8 Rxc6 40.
f3 Rcc1 41. Rh8+ Kg6 42. Rxh4 Bc6 43. Rf8 Bd7 44. Ra8 Rc2 45. Rd4 Bc8 0-1

[Event "North American Open"]
[Site "Las Vegas"]
[Date "2012.12.27"]
[Round "3.16"]
[White "Aldama, Degurnay Dionisio"]
[Black "Schwartz, Ylan"]
[Result "1-0"]
[WhiteElo "2434"]
[BlackElo "2239"]
[PlyCount "36"]
[EventDate "2012.12.??"]
[EventType "swiss"]
[EventRounds "9"]
[EventCountry "USA"]
[Source "MonRoi"]

1. e4 c6 2. d4 d5 3. Nc3 g6 4. h3 Bg7 5. Nf3 Nf6 6. e5 Ne4 7. Nxe4 dxe4 8. Ng5
c5 9. Be3 cxd4 10. Qxd4 Qa5+ 11. c3 Nc6 12. Qxe4 Nxe5 13. f4 Bf5 14. Qxb7 O-O
15. fxe5 Qxe5 16. Kf2 Rab8 17. Qxa7 Rxb2+ 18. Kg1 Qg3 1-0

[Event "North American Open"]
[Site "Las Vegas"]
[Date "2012.12.27"]
[Round "3.20"]
[White "Troff, Kayden"]
[Black "Colas, Joshua"]
[Result "1-0"]
[WhiteElo "2365"]
[BlackElo "2204"]
[PlyCount "137"]
[EventDate "2012.12.??"]
[EventType "swiss"]
[EventRounds "9"]
[EventCountry "USA"]
[Source "MonRoi"]

1. d4 f5 2. c4 Nf6 3. Nc3 e6 4. Bg5 Be7 5. g3 d5 6. Bg2 c6 7. Qd3 O-O 8. Nh3
Ne4 9. Bxe7 Qxe7 10. O-O Qb4 11. Nxe4 fxe4 12. Qc2 Nd7 13. b3 Nf6 14. Nf4 Qe7
15. f3 e5 16. dxe5 Qxe5 17. cxd5 cxd5 18. fxe4 dxe4 19. Qc4+ Kh8 20. Bxe4 Re8
21. Bf3 Rb8 22. Rac1 Bf5 23. Qc5 Be4 24. Qxe5 Rxe5 25. Rc7 Kg8 26. Nd3 Ree8 27.
Nc5 Bxf3 28. exf3 b6 29. Ne4 a5 30. Nxf6+ gxf6 31. Rc6 Kg7 32. Rd1 Re2 33. Rd7+
Kg6 34. Rdd6 Rxa2 35. Rxf6+ Kg7 36. Rxb6 Re8 37. Rbe6 Rd8 38. Rd6 Rc8 39. Rc6
Re8 40. Rfe6 Rd8 41. Red6 Re8 42. Kf1 Re7 43. Re6 Rxe6 44. Rxe6 Rxh2 45. Re5
Ra2 46. Re2 Ra3 47. Rb2 a4 48. bxa4 Rxf3+ 49. Kg2 Ra3 50. Rb4 Kf6 51. Kh3 Kg6
52. Kg4 Kg7 53. Kh5 Kf6 54. Rf4+ Kg7 55. Rg4+ Kf6 56. Kh6 Kf5 57. Rg5+ Kf6 58.
a5 Ra1 59. g4 Rg1 60. a6 Ra1 61. Rf5+ Ke6 62. Rf2 Rxa6 63. Kxh7 Ra5 64. Kh6 Ra1
65. g5 Rh1+ 66. Kg7 Re1 67. g6 Rg1 68. Re2+ Kf5 69. Kf7 1-0

[Event "North American Open"]
[Site "Las Vegas"]
[Date "2012.12.27"]
[Round "3.23"]
[White "Harmon-Vellotti, Luke"]
[Black "Black, James"]
[Result "1-0"]
[WhiteElo "2338"]
[BlackElo "2163"]
[PlyCount "87"]
[EventDate "2012.12.??"]
[EventType "swiss"]
[EventRounds "9"]
[EventCountry "USA"]
[Source "MonRoi"]

1. d4 d5 2. c4 c6 3. Nf3 Nf6 4. Nc3 e6 5. Bg5 Be7 6. e3 Nbd7 7. Qc2 O-O 8. Rd1
h6 9. Bh4 Re8 10. Bd3 dxc4 11. Bxc4 b5 12. Bd3 Bb7 13. O-O a6 14. e4 c5 15.
dxc5 Qa5 16. Nxb5 axb5 17. c6 Rac8 18. cxd7 Rxc2 19. dxe8=Q+ Nxe8 20. Bxc2 Bxh4
21. Nxh4 Qxa2 22. Nf3 Qxb2 23. Bb1 g6 24. Rd8 Kf8 25. Bd3 Ke7 26. Rb8 Bc6 27.
Rb1 Qc3 28. Bxb5 Bxb5 29. R8xb5 Nc7 30. Rb8 e5 31. Rd1 Kf6 32. h3 Qc2 33. Re1
Qc3 34. Rc8 g5 35. Rd1 h5 36. Kh2 g4 37. Rd7 gxf3 38. Rcxc7 Qb4 39. Rxf7+ Kg6
40. gxf3 Qd2 41. Rg7+ Kf6 42. Kg2 Qa2 43. Rcf7+ Ke6 44. Rf5 1-0

[Event "North American Open"]
[Site "Las Vegas"]
[Date "2012.12.27"]
[Round "3.24"]
[White "Bodek, Michael"]
[Black "Wheeler, Cameron"]
[Result "1-0"]
[WhiteElo "2316"]
[BlackElo "2165"]
[PlyCount "133"]
[EventDate "2012.12.??"]
[EventType "swiss"]
[EventRounds "9"]
[EventCountry "USA"]
[Source "MonRoi"]

1. e4 e6 2. d4 d5 3. Nc3 Nf6 4. Bg5 Be7 5. e5 Nfd7 6. h4 Nc6 7. Nf3 h6 8. Bf4
a6 9. Rh3 Nf8 10. Bd3 Nb4 11. h5 Nxd3+ 12. cxd3 b5 13. Qd2 Bd7 14. Rc1 a5 15.
Kf1 Qb8 16. Ne2 Qb6 17. Be3 b4 18. Rg3 Rh7 19. Rc5 Bb5 20. Kg1 Nd7 21. Qc2 c6
22. a4 bxa3 23. bxa3 Bxc5 24. dxc5 Qb7 25. Bd2 Rb8 26. d4 Nf8 27. Nf4 Qa6 28.
Bc3 Bc4 29. Nd2 Qb5 30. a4 Qa6 31. Kh2 Ke7 32. Bb2 Qb7 33. Ba3 Qa6 34. Qc3 Nd7
35. Qf3 Rf8 36. Rg4 Rg8 37. Bb2 Qb7 38. Bc3 Bb3 39. Bxa5 Bxa4 40. Ng6+ Ke8 41.
Rf4 Nf8 42. Qg4 Bc2 43. Qh4 Qd7 44. Nxf8 Rxf8 45. Qg3 Bd1 46. Qd3 Rhh8 47. Nf3
Bxf3 48. Qxf3 Qa7 49. Bb6 Qa4 50. Bc7 g5 51. hxg6 fxg6 52. Bd6 Rf5 53. g4 Rxf4
54. Qxf4 Rh7 55. Qf6 Kd7 56. Qxg6 Re7 57. Qf6 Rh7 58. Qg6 Re7 59. Bxe7 Kxe7 60.
Qf6+ Kd7 61. Qf7+ Kd8 62. Qxe6 Qxd4 63. Qd6+ Ke8 64. Qxc6+ Ke7 65. Qf6+ Ke8 66.
c6 Qxg4 67. e6 1-0

[Event "North American Open"]
[Site "Las Vegas"]
[Date "2012.12.27"]
[Round "3.26"]
[White "Ebrahim Shirazi, Behrooz"]
[Black "Santarius, Erik"]
[Result "1/2-1/2"]
[WhiteElo "2036"]
[BlackElo "2303"]
[PlyCount "48"]
[EventDate "2012.12.??"]
[EventType "swiss"]
[EventRounds "9"]
[EventCountry "USA"]
[Source "MonRoi"]

1. d4 d5 2. c4 e6 3. Nc3 Be7 4. cxd5 exd5 5. Nf3 Nf6 6. Bg5 c6 7. Qc2 g6 8. h3
Bf5 9. Qc1 c5 10. e3 Nc6 11. Bb5 O-O 12. Bh6 Re8 13. O-O Rc8 14. dxc5 Qd7 15.
Bxc6 bxc6 16. Bg5 Bxh3 17. gxh3 Qxh3 18. Nh2 Ng4 19. Bf4 Bg5 20. Qd1 Bxf4 21.
Nxg4 Rxe3 22. fxe3 Qg3+ 23. Kh1 Qh3+ 24. Kg1 Qg3+ 1/2-1/2

[Event "North American Open"]
[Site "Las Vegas"]
[Date "2012.12.27"]
[Round "4.1"]
[White "Li, Chao"]
[Black "Hammer, Jon Ludvig"]
[Result "1/2-1/2"]
[WhiteElo "2670"]
[BlackElo "2633"]
[PlyCount "108"]
[EventDate "2012.12.??"]
[EventType "swiss"]
[EventRounds "9"]
[EventCountry "USA"]
[Source "MonRoi"]

1. e4 e5 2. Nf3 Nc6 3. Bc4 Bc5 4. b4 Bxb4 5. c3 Be7 6. d4 Na5 7. Be2 d6 8. Qa4+
c6 9. dxe5 dxe5 10. Nxe5 b5 11. Qc2 Qc7 12. O-O Nf6 13. Nf3 O-O 14. Nbd2 Bg4
15. Bb2 Nd7 16. c4 Nxc4 17. Bxc4 bxc4 18. Qc3 Bf6 19. e5 Be7 20. Qxc4 Be6 21.
Qc2 c5 22. Ne4 h6 23. Nd4 Rab8 24. Nxe6 fxe6 25. Rad1 Rfe8 26. Rfe1 Qc6 27. Bc1
Rf8 28. Qc3 Rb4 29. Ng3 Qa4 30. Be3 Rc4 31. Qb2 Nb6 32. Rc1 Rxc1 33. Rxc1 Nc4
34. Qb7 Nxe3 35. Qxe7 Qf4 36. Qxg7+ Kxg7 37. Nh5+ Kg6 38. Nxf4+ Rxf4 39. fxe3
Ra4 40. Rxc5 Rxa2 41. e4 Kg5 42. Rc6 Kf4 43. Rxe6 Ra4 44. Kf2 Ra2+ 45. Kf1 Ke3
46. g4 Rxh2 47. Rg6 Rf2+ 48. Kg1 Re2 49. e6 Kf4 50. Kf1 Rxe4 51. Kg2 Re3 52.
Kf2 Re4 53. Kg2 Re3 54. Kf2 Re4 1/2-1/2

[Event "North American Open"]
[Site "Las Vegas"]
[Date "2012.12.27"]
[Round "4.3"]
[White "Friedel, Joshua"]
[Black "Gareev, Timur"]
[Result "1/2-1/2"]
[WhiteElo "2494"]
[BlackElo "2660"]
[PlyCount "120"]
[EventDate "2012.12.??"]
[EventType "swiss"]
[EventRounds "9"]
[EventCountry "USA"]
[Source "MonRoi"]

1. e4 e5 2. Nf3 Nc6 3. Bb5 a6 4. Ba4 Nf6 5. O-O Be7 6. Re1 b5 7. Bb3 d6 8. c3
O-O 9. h3 Nb8 10. d4 Nbd7 11. Nbd2 Bb7 12. Bc2 Re8 13. Nf1 Bf8 14. Ng3 g6 15.
a4 Bg7 16. Bd3 c6 17. Be3 Qc7 18. Qd2 Nf8 19. b4 Ne6 20. dxe5 dxe5 21. c4 Red8
22. Qc2 bxa4 23. c5 a5 24. Rxa4 axb4 25. Rxb4 Ba6 26. Bxa6 Rxa6 27. Reb1 Ra7
28. Ne2 Nd7 29. Nc1 Bf8 30. Nd3 Rda8 31. Ng5 Nxg5 32. Bxg5 Qa5 33. Be3 Qa2 34.
Qxa2 Rxa2 35. Rb7 R8a7 36. Kf1 f6 37. g4 Be7 38. R1b2 Ra1+ 39. Ke2 Kf7 40. Rxa7
Rxa7 41. f3 Ke6 42. Rc2 Ra5 43. Nb4 Nb8 44. Bf2 Kd7 45. Be3 Ra4 46. Rb2 Kc7 47.
Rb1 Nd7 48. Nd3 Ra2+ 49. Kf1 g5 50. Rc1 Nf8 51. Nb4 Ra3 52. Ke2 Ne6 53. Nd3
Ra2+ 54. Kf1 Nd8 55. Nb4 Ra3 56. Ke2 Nb7 57. Bf2 Ra5 58. Nd3 Ra2+ 59. Kd1 Na5
60. Rc3 Nb7 1/2-1/2

[Event "North American Open"]
[Site "Las Vegas"]
[Date "2012.12.27"]
[Round "4.5"]
[White "Matikozian, Andranik"]
[Black "Kacheishvili, Giorgi"]
[Result "0-1"]
[WhiteElo "2426"]
[BlackElo "2602"]
[PlyCount "78"]
[EventDate "2012.12.??"]
[EventType "swiss"]
[EventRounds "9"]
[EventCountry "USA"]
[Source "MonRoi"]

1. e4 c6 2. d4 d5 3. Nc3 dxe4 4. Nxe4 Bf5 5. Ng3 Bg6 6. Bc4 e6 7. N1e2 Nf6 8.
Nf4 Bd6 9. c3 Nbd7 10. h4 Bxf4 11. Bxf4 h6 12. h5 Bh7 13. Bd3 Bxd3 14. Qxd3 Qa5
15. Qe2 O-O 16. O-O Rfe8 17. Rfe1 Rad8 18. Be5 Nxe5 19. dxe5 Nd5 20. Red1 Ne7
21. Rxd8 Rxd8 22. Rd1 Rd5 23. Rxd5 cxd5 24. a3 Qa4 25. Qd2 Nc6 26. f4 Na5 27.
Nf1 Nc4 28. Qf2 b6 29. Ne3 Nxe3 30. Qxe3 Qd1+ 31. Kf2 Qxh5 32. Qd4 Qf5 33. Kg3
g5 34. fxg5 hxg5 35. a4 Kg7 36. b4 Kg6 37. Qe3 f6 38. exf6 Kxf6 39. Qd2 e5 0-1

[Event "North American Open"]
[Site "Las Vegas"]
[Date "2012.12.27"]
[Round "4.6"]
[White "Shabalov, Alexander"]
[Black "Mitkov, Nikola"]
[Result "1-0"]
[WhiteElo "2578"]
[BlackElo "2513"]
[PlyCount "69"]
[EventDate "2012.12.??"]
[EventType "swiss"]
[EventRounds "9"]
[EventCountry "USA"]
[Source "MonRoi"]

1. c4 e5 2. Nc3 Nc6 3. Nf3 Bb4 4. Qc2 d6 5. a3 Bc5 6. b4 Bb6 7. e3 Nge7 8. c5
dxc5 9. b5 Bf5 10. Qa4 Nd4 11. exd4 exd4 12. Ne2 Nd5 13. Ng3 Bg6 14. Be2 d3 15.
Bd1 Qe7+ 16. Kf1 O-O-O 17. Bb2 Rhe8 18. Bb3 f6 19. h4 h5 20. Qc4 Qf8 21. Kg1
Kb8 22. Kh2 Bf7 23. Rhe1 g5 24. hxg5 h4 25. Ne4 fxg5 26. Nexg5 Bg8 27. Kg1 Re2
28. Be5 Nf6 29. Ne6 Qe7 30. Rxe2 dxe2 31. Qxh4 c4 32. Nxd8 cxb3 33. Qxf6 Qe8
34. Re1 Bc4 35. Bd4 1-0